Sahityalochan (Record no. 148624)

MARC details
000 -LEADER
fixed length control field 00554nam a2200193Ia 4500
003 - CONTROL NUMBER IDENTIFIER
control field OSt
005 - DATE AND TIME OF LATEST TRANSACTION
control field 20260309113614.0
008 - FIXED-LENGTH DATA ELEMENTS--GENERAL INFORMATION
fixed length control field 210210b1994 xxu||||| |||| 00| 0 eng d
040 ## - CATALOGING SOURCE
Transcribing agency AL
041 ## - LANGUAGE CODE
Language code of text/sound track or separate title Hindi
082 ## - DEWEY DECIMAL CLASSIFICATION NUMBER
Classification number 864/120
100 ## - MAIN ENTRY--PERSONAL NAME
Personal name DAS (Shyam Sunder)
Dates associated with a name दास (श्याम सुंदर)
9 (RLIN) 258317
245 ## - TITLE STATEMENT
Title Sahityalochan
Remainder of title साहित्यालोचन
260 ## - PUBLICATION, DISTRIBUTION, ETC.
Place of publication, distribution, etc. PrayAg
Name of publisher, distributor, etc. Indian Press Pvt Ltd.,
Date of publication, distribution, etc. 1994
650 ## - SUBJECT ADDED ENTRY--TOPICAL TERM
Topical term or geographic name entry element SAhityalochan
9 (RLIN) 258318
690 ## - LOCAL SUBJECT ADDED ENTRY--TOPICAL TERM (OCLC, RLIN)
Topical term or geographic name as entry element Hindi Criticism
9 (RLIN) 258319
906 ## - LOCAL DATA ELEMENT F, LDF (RLIN)
a 023656
942 ## - ADDED ENTRY ELEMENTS (KOHA)
Source of classification or shelving scheme Dewey Decimal Classification
Koha item type Book
Holdings
Withdrawn status Lost status Source of classification or shelving scheme Damaged status Not for loan Collection code Home library Current library Shelving location Date acquired Cost, normal purchase price Total Checkouts Full call number Barcode Date last seen Price effective from Koha item type
    Dewey Decimal Classification     Hindi St Aloysius Library St Aloysius Library   02/17/2021 0.00   864/120 023656 02/17/2021 02/17/2021 Book